Doha puede lograr mucho más de lo que esperan los escépticos /

Zapisane w:
Opis bibliograficzny
1. autor: Cline, William R.
Format: Texto
Etykiety: Dodaj etykietę
Nie ma etykietki, Dołącz pierwszą etykiete!

MARC

LEADER 00000 a a2200000 04500
001 44557
003
040
100 |a Cline, William R.  
245 |a Doha puede lograr mucho más de lo que esperan los escépticos /  |c William R. Cline  
773 |g volumen42, número1 ( , 2005), páginas 22-23  
999 |c 37329  |d 37329